[Event "ch-RUS Superfinal"]
[Site "Moscow RUS"]
[Date "2005.12.23"]
[Round "5"]
[White "Rublevsky, Sergei"]
[Black "Motylev, Alexander"]
[Result "1-0"]
[WhiteElo "2652"]
[BlackElo "2632"]
[Annotator "Rahal, M"]
[PlyCount "95"]
[EventDate "2005.12.19"]
[EventRounds "13"]
[EventCountry "URS"]
[EventCategory "12"]
[Source "EDAMI"]
[SourceDate "2006.12.20"]

1. e4 e5 2. Nf3 Nf6 3. d4 {Como ya hemos comentado, Rublevsky tiene su propia
idea de las aperturas: en una época en la que todos los mejores jugadores
están practicando 3.Nxe5, Sergei se ha convertido en un especialista de 3.d4.}
Nxe4 4. Bd3 d5 ({En una partida anterior Motylev intentó la increíble jugada
de Murey contra el propio Rublevsky, pero no salió bien parado y de ahí que no
quisiera repetir la variante.} 4... Nc6 $5 5. dxe5 (5. Bxe4 d5 6. Bd3 e4) (5.
d5 Nc5 6. dxc6 e4) 5... d5 6. exd6 Nxd6 7. Nc3 Be7 8. Bf4 Be6 9. Qd2 Qd7 10.
O-O-O O-O-O 11. Qe3 Kb8 12. Bb5 Bf6 13. Ne4 Nxb5 $2 {
El negro está peor pero no tanto como para entregar la dama.} 14. Rxd7 Rxd7 15.
Nxf6 gxf6 16. b3 {y las blancas se impusieron en 45 jugadas Rublevsky,
S-Motylev,A/Ajaccio 2004/EXT 2005}) 5. Nxe5 Nd7 ({Aquí} 5... Bd6 {
es la otra alternativa importante.}) 6. Nxd7 Bxd7 7. O-O Bd6 {Junto con la
agresiva 7...Qh4, la textual es la jugada más principal, y más agresiva que 7..
.Be7 que también se juega. El alfil se emplaza en la diagonal h2-b8 con
intenciones agresivas.} 8. c4 c6 9. cxd5 cxd5 10. Nc3 (10. Qh5 {
directamente es otra alternativa interesante}) 10... Nxc3 11. bxc3 O-O 12. Qh5
g6 $5 {# Con su última jugada las blancas amenazaban mate en h7 y el peón de
d5. Para evitar las dos amenazas las negras cuentan con la jugada 12...f5,
pero en ese caso el alfil de d7 queda encerrado por sus peones. La jugada de
Motylev está de moda ahora, pero implica el sacrificio (temporal) de un peón.}
13. Qxd5 Qc7 {El doble ataque sobre los peones h2 y c3 garantizan la
recuperación del peón, pero las blancas pueden intentar ahora atacar el
enroque negro ligeramente debilitado.} 14. Bh6 ({
En la tercera ronda del mismo torneo, el propio Motylev, con blancas, intentó} 
14. c4 {contra Kramnik. La partida continuó} Bc6 $146 15. Qg5 Bxh2+ 16. Kh1 Bd6
17. d5 Rae8 $1 18. f4 (18. dxc6 Re5 $17) 18... f6 19. Qg3 Bd7 {
y en esta interesante posición Motylev decidió forzar tablas con el sacrificio}
20. Bxg6 hxg6 21. Qxg6+ Kh8 22. Qh6+ {1/2-1/2 Motylev,A-Kramnik,V/Moscow RUS
2005. Queda por saber qué tenía preparado Kramnik en caso de 22.Bb2.}) ({
En la séptima ronda, y quizás para evitar una preparación específica,Rublevsky 
varió con la jugada más empleada en esta posición} 14. Qf3 Qxc3 15. Bh6 Rfe8
16. Qf6 Bf8 17. Bxf8 Rxf8 18. Be4 Bc6 19. Rac1 Qb4 20. Bxc6 bxc6 21. Rxc6 {
Pero con una secuencia precisa de jugadas las negras recuperan su peón y se
reestablece la igualdad.} Rad8 $1 22. Rd1 Qa4 23. Rd2 Qb4 24. Rd1 Qa4 25. Rcc1
Qxa2 26. Ra1 Qb3 27. Rdb1 {1/2-1/2 Rublevsky,S-Kramnik,V/Moscow RUS 2005})
14... Rfe8 15. h4 $5 {Desvelando las intenciones agresivas. Puestos a perder
un peón Rublevsky ofrece el de c3, ya que el plan h4-h5 puede ayudar a crear
alguna debilidad más en el enroque negro.} Be6 16. Qf3 Qxc3 17. Qf6 Bf8 {
Única para evitar el mate en g7.} 18. Bxf8 Rxf8 19. Rfd1 {#La posición
favorece ligeramente a las blancas, ya que a pesar de tener un peón aislado en
d4 tienen mejores opciones de ataque, con el plan ya mencionado h4-h5, para h6
o hxg6 según las circunstancias. Otra idea de las blancas es penetrar en la
séptima fila tras Rc1-c7. No obstante,  con un juego exacto las negras deben
poder mantener el equilibrio pero es necesario expulsar la dama blanca de su
fuerte posición lo antes posible,} Rfd8 $6 {
Esta jugada quizás no resuelva del todo los problemas del negro.} ({
Parece más fuerte la jugada original de la variante, empleada por Yusupov} 
19... Qa5 $1 {con la idea de cambiar las damas con ...Qd8} 20. Be4 Qd8 21. Qxd8
Raxd8 22. d5 (22. Bxb7 Rd7 23. Bc6 Rd6 24. d5 Rfd8 $11) 22... Bf5 23. Bxf5 gxf5
24. d6 Rd7 25. Rd5 Rfd8 26. Rad1 Kg7 27. R1d3 f6 28. Rg3+ {
1/2-1/2 Tiviakov,S-Jussupow,A/Groningen 1994/CBM 045}) 20. Be4 Bd5 21. Rac1 $1
Qa3 ({En caso de} 21... Qa5 22. h5 {
con ventaja. Las negras ya no disponen de la casilla d8 para ofrecer el cambio.
}) 22. Rc7 {Con la amenaza Bxd5 y Qxf7+ ganando.} Qxa2 23. h5 {
Ahora la nueva amenaza es h5-h6 con mate imparable en g7.} Qe2 {# Motylev segur
amente confiaba en esta jugada para seguir en la partida, ya que 24.h6
obviamente no vale por ..Qxd1+ y ...Qh5+ ganando. Ante el doble ataque a la
torre y alfil parece que 24.Bf3 es obligado y tras 24...Qe6! y el cambio de
damas las negras no tienen nada que temer. Pero las blancas tienen preparado
una sorpresa.} 24. f3 $3 {Gran jugada, que posiblemente se le escapó a la
atención de Motylev. Pocas veces vemos la entrega de una torre limpia con
jaque, salvo que haya mate de corrido, cosa que aquí no es el caso.} Qa6 {
Única jugada razonable, pero el final de torres es favorable a las blancas.} ({
Veamos que pasa si las negras capturan la torre} 24... Qxd1+ 25. Kh2 Rd6 {Única
} (25... Qd2 26. Bxd5 $18) 26. Qxd6 Be6 (26... Bxe4 27. Qf6 $1 Bd5 28. h6 $18)
27. d5 Qd4 28. Qf4 Bf5 29. Kg3 $1 {y las blancas ganan.}) 25. Qxa6 bxa6 26. h6
$1 {Una jugada muy importante. El peón de h6 (también llamado "peón real") es 
muy fuerte en los finales de torre, ya que ata al rey negro a la primera fila
por los mates en la octava. Además, si cae el peón de h7 pronto podrá coronar.
El peón de más de las negras en la columna de torre dama no es excesivamente
importante.} Rd6 27. Kf2 g5 $5 {Las negras intentan capturar el peón h6 pero
para ello tendrán que cambiar alfiles y las blancas tendrán dos peones
centrales y unidos.} ({Por su parte} 27... a5 28. Rc5 Bxe4 29. fxe4 a4 30. Ra5
Re6 31. Re1 {también ofrece clara ventaja a las blancas.}) 28. Rdc1 $1 Bxe4 29.
Rc8+ $1 {Elegante jugada intermedia.} Rd8 30. Rxd8+ Rxd8 31. fxe4 {# Ahora se
precia la fuerza del peón de h6, que impide la captura del peón central. La
siguiente jugada de las negras es un error, ya que permite a las blancas
incorporar el rey decisivamente, pero la situación negra es casi insalvable.}
f5 32. Ke3 fxe4 (32... f4+ 33. Kd3 Rd6 34. Rc8+ Kf7 35. Rc7+ Kg6 36. e5 $1 Rb6
37. Rxa7 Kxh6 38. d5 {con ventaja decisiva.}) 33. Rc7 $1 {
"Torre en séptima pondrás ..."} Rd6 34. Rg7+ Kh8 35. Rxg5 Rxh6 36. d5 $1 {
"... y partida ganarás". Es bien sabido que en los finales de torre no importa
tanto la cantidad de peones de ventaja sino la calidad de esos peones. Además,
no ayuda mucho a la defensa tener el rey cortado en la esquina.} a5 37. Kxe4 a4
38. Rg3 $1 a3 {
Ya no hay solución, pero las negras intentan sacar su rey de la esquina.} ({
En caso de} 38... Ra6 39. Rd3 $1 a3 40. d6 $18 {
las blancas coronan con jaque y el mate es inminente.}) 39. Rxa3 Kg8 40. Kd4 $1
{Muy bien jugado. Cuantos de nosotros hubiéramos capturado el peón de a7. La
idea de la jugada blancas se verá pronto.} Kf8 41. Re3 $1 {
Y el rey no consigue colocarse delante del peón de dama.} Rh2 42. Re2 Rh1 43.
d6 {La partida está ganada desde hace varias jugadas, pero la técnica de
Rublevsky es admirable.} a5 44. Kc5 $1 Rc1+ 45. Kb6 Rb1+ 46. Kc7 Rc1+ 47. Kd8
a4 48. Ra2 {
Las negras abandonaron sin esperar 48...Rc4 49.d7 seguido de 50.Rf2+ y 51.Ke7.}
1-0

[Event "XV It"]
[Site "Pamplona ESP"]
[Date "2005.12.24"]
[Round "2"]
[White "Ponomariov, Ruslan"]
[Black "Izoria, Zviad"]
[Result "1-0"]
[WhiteElo "2704"]
[BlackElo "2646"]
[Annotator "De la Riva, O"]
[PlyCount "69"]
[EventDate "2005.12.23"]
[EventType "tourn"]
[EventRounds "7"]
[EventCountry "ESP"]
[EventCategory "16"]
[Source "EDAMI"]
[SourceDate "2006.12.20"]

1. e4 c6 2. d4 d5 3. Nc3 {la variante clásica de la Caro-Kann, actualmente la
alternativa principal para combatir esta sólida defensa. De todos modos, en la
quinta ronda el jugador ucraniano eligió la variante del avance contra Timman,
y también coniguió anotarse el punto.} dxe4 4. Nxe4 Bf5 5. Ng3 Bg6 6. h4 h6 7.
Nf3 Nd7 8. h5 Bh7 9. Bd3 Bxd3 10. Qxd3 e6 11. Bf4 Qa5+ 12. Bd2 Bb4 {Las negras
tratan de sorprender a su adversario con esta inusual jugada. Lo más normal es
Qc7 que ya había jugado Izoria con anterioridad junto con la alternativa 11...
Ngf6.} 13. c3 Be7 14. c4 Qa4 {#DIAGRAMA Este movimiento de dama es una novedad
ya que hasta el momento se habían preferido Qa6 y Qc7 que pasaría por ser la
alternativa principal.} ({También se ha probado} 14... Bb4 $6 {
pero las negras tienen problemas tras} 15. Ne4 $1 Ngf6 16. Nd6+ $1 Ke7 17. c5
$1 b6 18. O-O bxc5 19. Ne5 $1 Nxe5 20. dxe5 Bxd2 21. exf6+ gxf6 22. Rad1 Bf4
23. Nxf7 $1 Kxf7 24. Qg6+ {
y las negras abandonaron. Jakovenko-Antonio, Montreal 2005}) 15. d5 $1 {
Este avance es posible también tras la retirada de la dama negra a c7, pero en
este caso parece que aún tiene más fuerza.} cxd5 16. cxd5 Nc5 {Con la dama en
c7 las negras disponen de la jugada Qd6 para luchar por la igualdad. Ahora, en
cambio, la dama no puede participar en la defensa.} (16... exd5 17. O-O {
y las negras tienen muchos problemas en la columna e y la casilla f5.}) 17. Qe2
exd5 (17... Nf6 $2 18. b4 $1 Na6 19. dxe6 $16) 18. O-O $44 {La compensación
blanca es excelente,  disponen de más desarrollo y el rey negro se encuentra
expuesto en el centro.} Ne6 (18... Qa6 19. Qxa6 Nxa6 20. Rac1 Nf6 21. Rfe1 {
Y las negras no se han desecho de la presión.}) 19. Nf5 Qa6 {Una triste
ad, ya que tras el cambio de damas las blancas pueden incrementar fácilmente
la ventaja. De todos modos hay que reconocer que la posición negra es difícil
ya que las columnas abiertas más la excelente colocación del caballo blanco en
f5 no permiten a Izoria completar su desarrollo.} (19... Nf6 20. Rfe1 Ne4 21.
Nxe7 Kxe7 22. b3 Qa6 23. Bb4+ $16) (19... Kf8 20. Ne5 $40) 20. Qxa6 bxa6 21.
Rac1 Bf6 (21... Nf6 22. Rc6 $1 Ne4 (22... Nxh5 23. Re1 $1 g6 (23... Bf6 24. g4
$18) 24. Nxe7 Kxe7 25. Bb4+ $16 {El rey no dispone de buenas casillas.}) 23.
Rd1 Bf6 24. Bb4 $16) 22. Bb4 $1 {Con la amenaza Nd6.} Ne7 (22... Bxb2 23. Nd6+
Kd7 24. Rc2 $16) 23. Nd6+ Kf8 24. Nf5 a5 (24... Ke8 25. Bxe7 Bxe7 26. Rc6 Bf6
27. Rd1 $16 {El rey negro debe permanecer en el centro por lo que la posición
negra no ofrece garantías de defensa.}) 25. Ba3 g6 26. hxg6 fxg6 27. Bxe7+ $1
Bxe7 28. Rfe1 {Forzando un final ganado.} gxf5 29. Rxe6 $16 {
El resto es cuestión de técnica, y precisamente a Ponomariov no le falta...}
Bd8 (29... Kf7 30. Re5) 30. Rc5 Kf7 31. Rec6 Bb6 32. Rxd5 $18 Rhc8 33. Ne5+ Ke8
34. Re6+ Kf8 35. Rxh6 1-0

[Event "ch-RUS Superfinal"]
[Site "Moscow RUS"]
[Date "2005.12.29"]
[Round "10"]
[White "Motylev, Alexander"]
[Black "Bareev, Evgeny"]
[Result "1-0"]
[WhiteElo "2632"]
[BlackElo "2675"]
[Annotator "Ubilava, E"]
[PlyCount "135"]
[EventDate "2005.12.19"]
[EventRounds "13"]
[EventCountry "URS"]
[EventCategory "12"]
[Source "EDAMI"]
[SourceDate "2006.12.20"]

{No puede contenerme ante la tentación de mostrar la victoria de un inspirado
Motylev. Si sólo mirásemos esta partida sin comentarios, podríamos sacar la
conclusión de que las blancas siguen una linea recta de sacrificios
interminables y dejan en ruinas una posición con una cadena de peones tan
segura como las de la Caro-Kann. Por supuesto, es difícil justificar cada una
de las decisiones que toma Motylev al sacrificar material; se trata más bien
una mezcla de intuición, cálculo e inspiración. En fin, una partida
impresionante y muy entretenida.} 1. e4 c6 2. d4 d5 3. e5 Bf5 4. Nf3 e6 5. Be2
c5 6. Be3 cxd4 7. Nxd4 Ne7 8. Bg5 Qa5+ 9. Nc3 Nbc6 10. Bb5 Qc7 11. O-O Bg6 12.
Qg4 {Dicen que Motylev preparó esta variante con Svidler. La verdad es que la
idea es muy interesante, porque en ocasiones las blancas intentan sacrificar
el caballo en e6.} a6 {en caso de} (12... h6 $2 {
las blancas destrozan rápidamente la posición adversaria} 13. Bxe7 Bxe7 14.
Nxe6 Qc8 15. Nxd5 {ganando}) 13. Ba4 Qc8 14. Qf3 h6 (14... Nf5 $2 {
pierde por otro sacrificio} 15. Nxc6 bxc6 16. Nxd5 exd5 17. Qxd5 {
ganando mucho material.}) 15. Bf6 $5 {Me duele no poner el signo de dos
admiraciones, pues me gusta mucho el concepto de las blancas: por medio del
sacrificio en f6 se abre la columna "e", lo que conlleva otros golpes sobre la
cadena de peones centrales y en definitiva, abre la posición del rey negro.
Pero es difícil demostrar con exactitud que todas las  variantes que se
producen conducen a una  superioridad de las blancas. Por eso me limito al
signo "!?".} Rb8 ({
No resulta claro para mí, si existe compensación completa después de} 15...
gxf6 16. exf6 Nf5 17. Nxc6 ({no funciona} 17. Nxf5 Bxf5 18. Rfe1 b5 19. Qxf5
bxa4 20. Nxd5 Kd8 21. Qh5 exd5 22. Rad1 d4 23. Qxf7 Qd7 {y las negras ganan})
17... bxc6 18. Nxd5 Rb8 19. Nf4 Nd4 20. Qd1 {
y Motylev tiene dos peones y opciones de ataque} ({Es peor} 20. Qc3 Rb4)) 16.
Rad1 gxf6 17. exf6 b5 {diagrama} ({En la posición que surge tras} 17... Nf5 18.
Nxf5 Bxf5 19. Rfe1 d4 20. Qxf5 dxc3 21. Bb3 Nd8 22. bxc3 {
la compensación es bastante clara.}) 18. Ncxb5 $1 {!Cómo no!} axb5 19. Nxb5
Rxb5 ({Supongo que las negras sudaron bastante para encontrar alguna vía
aceptable, pero la tarea no parece nada fácil.} 19... Nf5 20. Na7 ({
es entretenido} 20. Rxd5 exd5 21. Na7 Qa6 22. Re1+ Kd7 23. Nxc6 Qxa4 24. Nxb8+
Kc8 25. Qxd5 Kxb8 26. b3 Qa7 27. Re8+ Kc7 28. Ra8 Qb7 29. Qa5+ Kd6 30. Ra6+ {
pero no hay más que tablas}) 20... Qa6 21. Bxc6+ Kd8 22. Bxd5 $1 exd5 23. Qxd5+
Kc7 24. Qd7+ Kb6 25. Rd3 Bb4 26. Nc6 Rb7 27. Qd5 {con gran iniciativa.}) 20.
Bxb5 Qb7 21. c4 $1 Be4 ({Pierde} 21... Nc8 {por} 22. Rxd5 $3 exd5 23. Qxd5 N8a7
24. Re1+ Be7 25. Rxe7+ Kf8 26. Qd8+ Nxd8 27. Re8# {Si esto hubiera sucedido en
la partida, los restos de Morphy se revolverían en su tumba.}) 22. Qe2 Rg8 23.
f3 dxc4 ({Nada puede salvar la partida.} 23... Bf5 24. cxd5 exd5 25. Rxd5 Be6
26. Rc5) 24. fxe7 Kxe7 25. Qxc4 Bd5 26. Rxd5 {!Un golpecito más!} exd5 27. Qxc6
({Por supuesto es mucho más fácil que seguir la línea} 27. Qxd5 Qb6+ 28. Kh1
Nd4 29. Qe5+ Ne6 30. Rd1) 27... Qxc6 28. Bxc6 {Al morir Hamlet, sus últimas
palabras fueron: "!Lo demás es silencio!" Os dejo con esta posición
técnicamente ganada y demasiado aburrida después de la fase previa que hemos
visto. El proceso de la realización es largo, pero ya no hay nada que pueda
despertar nuestro interés.} Kd6 29. Bb7 Bg7 30. Rd1 Bxb2 31. Bxd5 Ke7 32. Rb1
Bd4+ 33. Kf1 Rc8 34. Rb7+ Kd6 35. Bb3 Rc1+ 36. Ke2 f6 37. Rh7 Rg1 38. g3 Rg2+
39. Kd3 Bg1 40. Rxh6 Ke5 41. f4+ Kf5 42. Ba4 Ke6 43. Ke4 Bxh2 44. Bb3+ Ke7 45.
Kf5 Bxg3 46. Rxf6 Rf2 47. Re6+ Kd7 48. Re4 Bh4 49. Kg6 Be7 50. Kf7 Ba3 51. Be6+
Kd6 52. Rd4+ Kc5 53. Ra4 Bb2 54. f5 Rh2 55. f6 Rh6 56. Rf4 Kd6 57. Bb3 Bc3 58.
Rf1 Bd4 59. Rf5 Be5 60. Rf3 Bd4 61. a4 Bb2 62. Bc4 Kc5 63. Bd3 Kb4 64. Bb5 Rh1
65. Ke6 Re1+ 66. Kd7 Rd1+ 67. Kc8 Rc1+ 68. Kb7 1-0

[Event "Corus A"]
[Site "Wijk aan Zee NED"]
[Date "2006.01.14"]
[Round "1"]
[White "Karjakin, Sergey"]
[Black "Anand, Viswanathan"]
[Result "0-1"]
[WhiteElo "2660"]
[BlackElo "2792"]
[Annotator "Rodríguez, Am"]
[PlyCount "74"]
[EventDate "2006.01.14"]
[Source "EDAMI"]
[SourceDate "2006.12.20"]

{En la partida que veremos a continuación, el joven prodigio Karjakin paga la
novatada, en su estreno en estos torneos de élite. Entra de lleno en la
poderosa preparación de Anand y pierde en pocas jugadas a partir de una
posición conocida. Para nosotros, los espectadores resulta sin embargo una
partida muy entretenida.} 1. e4 c5 2. Nf3 d6 3. d4 cxd4 4. Nxd4 Nf6 5. Nc3 a6
6. Be3 e5 7. Nb3 Be6 8. f3 Be7 9. Qd2 O-O 10. O-O-O Nbd7 11. g4 b5 {Esta es una
variante que sigue al pie de la letra el guión establecido para las posiciones
con enroques opuestos, "tu atacas por allá, yo ataco por acá"} 12. g5 b4 13.
Ne2 Ne8 {Está claro que las próximas jugadas negras serán a5, a4 y
posiblemente b3. Por parte de las blancas, sin embargo, los caminos posibles
difieren, uno comienza, como en la partida, con f4, el otro con h4.} 14. f4 ({
Después de su derrota en esta partida, Karjakin al siguiente día sorprendió
jugando esta misma variante, con piezas negras frente a Leko. El húngaro
seguramente no lo esperaba y decidió optar por la segunda opción. La partida
continuó} 14. h4 a5 15. Kb1 a4 16. Nbc1 Nb6 17. Ng3 d5 18. Bxb6 Qxb6 19. exd5
Rd8 20. Bc4 Nc7 21. dxe6 {Novedad} Rxd2 22. exf7+ Kh8 23. Rxd2 Qc6 24. b3 Nb5
25. Bxb5 Qxb5 26. bxa4 Qxa4 27. Rhd1 Rxf7 28. Rd7 Kg8 29. Ne4 {y se acordaron
las tablas. Existen muchas partidas conocidas que siguen esta línea y en
determinados momentos se desvían, pero su análisis detallado entraría más en
el contexto de un futuro artículo en Todo Teoría.}) 14... a5 15. f5 {De nuevo s
e abren dos caminos, este, el más directo y 15.Kb1, bastante razonable también.
} (15. Kb1 $5 {haciendo una breve pausa para garantizar el retroceso del
caballo y la seguridad del rey.} a4 16. Nbc1 exf4 (16... b3 17. f5 bxa2+ 18.
Ka1 $1 $16 {Bruzón-Vera, La Habana 2003}) 17. Nxf4 Bxg5 18. Nxe6 Bxe3 19. Nxd8
Bxd2 20. Rxd2 Rxd8 21. Rd4 {Un dificil final que sin embargo Almasi ha ganado
varias veces, por ejemplo ante Vallejo en Tripoli 2004 (Ver PDR-33 pág 24)})
15... a4 16. Nbd4 {Siguiendo fielmente el principio de "quien dice A dice B".
Karjakin vuelve a elegir la línea más agresiva y con ello entra en la boca del
lobo.} ({Una alternativa importante es} 16. fxe6 axb3 17. exf7+ Rxf7 18. Kb1 {
con grandes complicaciones, Topalov-Vallejo, Linares 2005 Ver PDR-41 pág23})
16... exd4 17. Nxd4 b3 18. Kb1 bxc2+ 19. Nxc2 Bb3 20. axb3 axb3 21. Na3 Ne5 22.
h4 Ra5 {DIAGRAMA. Creálo Ud. ó no lo crea, estamos todavía dentro de la teoría
conocida de esta hiper aguda variante.} 23. Qc3 {La novedad, que no impresiona.
Obviamente Karjakin conocía la partida entre Leko y Vallejo, por lo cual, lo
más lógico es suponer que había preparado esta jugada. Descarto la posibilidad
de que fuera de otra manera, porque sentarse frente a Anand sin estar bien
preparado sería un suicidio.} ({Se conocía} 23. Qe2 d5 24. Rxd5 Rxd5 25. exd5
Bxa3 26. bxa3 Nd6 27. Bc5 Re8 28. Bb4 Nxf5 29. Qd1 Ne3 30. Qxb3 Qxd5 31. Qxd5
Nxd5 32. Bd6 f5 33. gxf6 gxf6 34. Bg2 {1/2-1/2 Leko-Vallejo, Monte Carlo 2005})
23... Qa8 $1 {La típica jugada multipropósito, se amenaza tomar en e4 con
jaque, se toca en a3 y se abre camino para una pronta incorporación de la
torre.} 24. Bg2 Nc7 $3 {Una jugada poderosa, realizada al toque, que
seguramente tomó por sorpresa a Karjakin. Se amenaza Nb5 y también traer la
torre.} 25. Qxc7 {Ante la ausencia de otras opciones las blancas realizan esta
captura, que después de comprobarla con la ayuda del ordenador, podemos
asegurar que pierde de manera forzada.} Rc8 {
Desde c8 la torre corta la única vía de escape del rey blanco.} 26. Qxe7 {
Contra 26.Qb6 la misma réplica Nc4 sería todavía más fuerte, al atacar a la
dama.} Nc4 $1 {Ahora juegan las blancas. Es el último momento en que podrán
respirar, aunque con dificultad. Sus dos piezas de ventaja no le sirven de
nada para evitar la amenaza de penetración de las negras a lo largo de la
columna a} 27. g6 {Sin poder encontrar ninguna jugada defensiva, Karjakin se
la juega con este avance desesperado.} hxg6 28. fxg6 Nxa3+ {Es posible que la
captura de torre también ganara, pero esta es la vía más segura y rápida.} 29.
bxa3 Rxa3 30. gxf7+ Kh7 31. f8=N+ {
Para abrir una vía temporal de escape al rey blanco.} ({
no sirve una defensa del tipo} 31. Bd4 Ra1+ 32. Bxa1 Qa2#) 31... Rxf8 32. Qxf8
{Triste} Ra1+ 33. Kb2 Ra2+ 34. Kc3 (34. Kxb3 Qa4+ 35. Kc3 Rc2+ 36. Kd3 Qc4#)
34... Qa5+ 35. Kd3 Qb5+ 36. Kd4 Ra4+ 37. Kc3 Qc4+ {y ante el mate en dos que
se aproxima las blancas abandonaron. Al margen de la excelente preparación
teórica, la demostración de las cualidades de ataque de Anand es espléndida.}
0-1